| 000 | 01358cam a2200349 i 4500 | ||
|---|---|---|---|
| 005 | 20250329170352.0 | ||
| 007 | ta | ||
| 008 | 221129s2022 ck d gr 000 0dspa | ||
| 015 | _ack-2022-xxxx | ||
| 020 | _a978-959-5439-46-7 | ||
| 020 |
_a978-958-5439-46-7 _q(corregido) |
||
| 040 |
_aCO-CtgCURN _bspa _ccoctgcurn |
||
| 041 | 0 | _aspa | |
| 082 | 0 | 4 |
_a515 _bC266 _223 |
| 100 | 1 |
_aCárdenas Guerra, Juan, _eautor. |
|
| 245 | 1 | 0 |
_aMatemáticas previas al cálculo / _cautores, Juan Cárdenas Guerra, Germán Buelvas Medina. |
| 250 | _aPrimera edición. | ||
| 260 | 1 |
_aCartagena : : _bUniversidad de Cartagena,, _c2022. |
|
| 300 |
_a313 páginas : _bdiagramas en blanco y negro ; _c28 cm. |
||
| 336 |
_aTexto _btxt _2rdacontent |
||
| 337 |
_aSin mediación _bn _2rdamedia |
||
| 338 |
_aVolumen _bnc _2rdacarrier |
||
| 490 | 0 | _aNayib Abdala Ripoll | |
| 500 | _aIncluye datos curriculares de los autores. | ||
| 504 | _aBibliografía: página 313. | ||
| 596 | _a7 | ||
| 650 | 1 | 4 |
_aEcuaciones diferenciales _xEnseñanza _vProblemas, ejercicios, etc. |
| 650 | 2 | 4 |
_aCálculo numérico _xEnseñanza _vProblemas, ejercicios, etc. |
| 650 | 2 | 4 |
_aAnálisis funcional _xEnseñanza _vProblemas, ejercicios, etc. |
| 700 | 1 |
_aBuelvas Medina, Germán, _eautor. |
|
| 990 |
_a2022-9968 _bUniversidad de Cartagena _c2 ejemplares _d21 _e29/11/2022 _ga1103107 _m28/11/2022 _n21/10/2022 |
||
| 999 |
_c6782 _d6782 |
||